000 00917nam a2200277Ia 4500
001 Para_8340
003 CHAP
008 220125s9999 xx 000 0 und d
010 _a207202
040 _cCHAP
082 _aPA-C 595.752 A6
100 _aGillette, C.P.
_9169050
245 _aNotes on some Colorado aphids having altenate food habits /
_c by C.P. Gillette and L.C. Bragg
300 _a6 p.
440 _aAphidae; 12
_9173708
500 _aSobretiro de: J. Econ. Ent. 8 (1): 98-103, 1915. Encuadernado con otros impresos similares
650 _a
_x Afididos
_x Colecciones de escritos
_x Afididos
_x Alimentación
_x Afididos
_xColorado
_9173721
710 _aJournal of Economic Entomology 8 (1)
_9173722
901 _aPA-C 595.752 A6
902 _aA
905 _a000000 0000000000 00
910 _a
942 _cPARA
942 _cPARA
_d1
999 _c207202
_d207202